[Event "GCT Croatia Rapid 2021"]
[White "Giri,Anish"]
[Black "Van Foreest,Jorden"]
[Site "Zagreb"]
[Round "5.5"]
[Annotator "TA"]
[Result "1/2-1/2"]
[Date "2021.07.08"]
[WhiteElo "2776"]
[BlackElo "2688"]
[PlyCount "121"]

1. e4 {} e5 2. Nf3 Nc6 3. Bb5 Nf6 4. d3 Bc5 5. c3 0-0 6. 0-0 {C65: Ruy Lopez: Berlin Defence (3...Nf6), unusual lines and 4 0-0
Bc5.} d5 7. exd5 Qxd5 8. Bc4 {The position is equal.} Qd8 9. Nbd2 h6 10. b4 Bd6 11. Re1 Re8 {[#]} 12. h3 $146 ({Predecessor:} 12. Bb2 a6 13. a4 Be6 14. b5 Na5 15. Bxe6 Rxe6 16. c4 Qe7 17. Qc2 Nd7 18. Re2 {1/2-1/2 (66) Carlsen,M (2847)
-Karjakin,S (2757) chess24.com INT 2021} )Be6 13. b5 Na5 14. Bxe6 ({
Much worse is} 14. Nxe5 Bxe5 15. Rxe5 Nxc4 $15 )Rxe6 15. Qc2 Qd7 16. c4 Rae8 17. Nb3 Nxb3 18. axb3 a6 19. bxa6 bxa6 20. Be3 (20. c5 $5 {} Qc6 21. Ra5 $14 )Bb4 21. Bd2 Bxd2 22. Qxd2 Qd6 23. b4 e4 24. dxe4 Qxd2 25. Nxd2 Nxe4 26. Nb3 Rb8 27. Nd4 Ree8 28. f3 $36 { White is more
active.} Nd6 29. c5 {Nc6 is the strong threat.} (29. Rxe8+ {feels hotter.} Rxe8 30. c5 Nb5 31. Nc6 Re6 32. Rxa6 Kh7 33. Kf1 )Rxe1+ 30. Rxe1 $14 { Endgame KRN-KRN} Nb5 31. Nc6 Ra8 32. Kf2 Kf8 33. g4 Na7 34. Nxa7 Rxa7 $16 {KR-KR} 35. Ra1 Ra8 (35... Rb7 $16 )36. b5 $1 $18 a5 37. Ra4 Ke7 38. Ke3 $1 Ke6 (38... Rd8 $16 )39. Kd4 $1 Rd8+ {[#]} 40. Kc4 $1 Rd1 {[#]} 41. Rxa5 (41. b6 $1 $18 {and the rest is easy.} )Rc1+ $16 42. Kd4 Rd1+ 43. Ke4 Re1+ 44. Kd3 Rc1 (44... Rd1+ $1 $11 {keeps the balance.} 45. Ke3 Re1+ 46. Kd4 Rd1+ 47. Ke4 Re1+ 48. Kd4 Rd1+ )45. b6 cxb6 46. cxb6 {And now Rb5 would win.} Rb1 47. Ra6 Kd5 48. Ke3 g5 49. b7 (49. Ra7 $16 )Rxb7 $11 50. Rxh6 {Strongly
threatening Rf6.} Ke5 51. Ra6 Rb5 52. Kd3 Rb3+ 53. Ke2 Rb5 (53... Rb2+ {
seems wilder.} 54. Kf1 Rh2 55. Kg1 Rxh3 56. Kg2 Rh8 )54. Ke3 f5 55. gxf5 Kxf5 56. Kf2 Rb4 57. Kg3 Rc4 58. Ra5+ Kf6 59. Ra6+ Kf5 60. Ra5+ Kf6 61. Ra6+ {
White really could win this.  Weighted Error Value: White=0.11/Black=0.11} 1/2-1/2

[Event "GCT Croatia Rapid 2021"]
[White "Korobov,Anton"]
[Black "Van Foreest,Jorden"]
[Site "Zagreb"]
[Round "6.1"]
[Annotator "TA"]
[Result "1-0"]
[Date "2021.07.08"]
[WhiteElo "2683"]
[BlackElo "2688"]
[PlyCount "77"]

1. e4 {} e5 2. Nc3 Nf6 3. g3 Bc5 4. Bg2 c6 5. Nf3 d5 6. d3 {
C26: Vienna Game: 2...Nf6, sidelines .} dxe4 7. dxe4 {[#]} Qxd1+ $146 (7... Nbd7 {feels hotter.} 8. 0-0 0-0 9. a3 a5 10. Nh4 Nb6 )({Predecessor:} 7... Qc7 8. 0-0 0-0 9. h3 Re8 10. Nh4 Nbd7 11. Qf3 Bf8 12. Nf5 Kh8 13. g4 Nc5 {1-0 (34)
Lupulescu,C (2608)-Pashikian,A (2621) Budva 2009} )8. Nxd1 {The position is
equal.} Nbd7 9. Nd2 0-0 10. a4 Re8 11. h3 Bf8 12. Ne3 Nc5 13. 0-0 Be6 14. Re1 Rad8 15. Nec4 Bc8 16. b4 Ne6 {[#] ...Nd4 is the strong threat.} 17. c3 Rd3 18. Ra3 Red8 19. Bf1 R3d7 20. Ra2 {White leaves nothing to chance now.} Re7 21. Nf3 Ree8 (21... h6 $142 )22. Nfxe5 $16 a5 (22... Nc7 $16 23. Ra1 c5 )23. Nxa5 $18 (23. bxa5 Nc5 $16 )Nc5 24. Nexc6 $1 (24. bxc5 Rxe5 25. Rb2 Rxe4 $16 )bxc6 25. bxc5 Rxe4 26. Be3 ({Less strong is} 26. Rxe4 Nxe4 27. Be3 (27. Nxc6 Rd1 $11 )Rd1 $16 )Bxc5 27. Nxc6 Rde8 28. Rae2 Ba6 29. Bxc5 {
[#] aiming for Rxe4.} Rxe2 30. Bxe2 Rxe2 31. Rxe2 Bxe2 { Endgame
KBN-KBN} 32. Ne7+ Kh8 33. a5 Ne4 (33... Bc4 $142 34. Nc6 Nd7 )34. Bb4 Ng5 35. f4 Ne4 36. Nd5 h5 $2 (36... Bc4 {was necessary.} )37. Nc7 {White is clearly
winning.} Nxg3 38. Kf2 h4 39. a6 {Weighted Error Value: White=0.08/Black=0.29} 1-0

[Event "GCT Croatia Rapid 2021"]
[White "Vachier-Lagrave,Maxime"]
[Black "Giri,Anish"]
[Site "Zagreb"]
[Round "6.2"]
[Annotator "TA"]
[Result "1/2-1/2"]
[Date "2021.07.08"]
[WhiteElo "2749"]
[BlackElo "2776"]
[PlyCount "103"]

1. e4 {} e5 2. Nf3 Nf6 3. Nxe5 d6 4. Nf3 Nxe4 5. d3 Nf6 6. d4 g6 {C42:
Petroff Defence: 3 Nxe5 and unusual White 3rd moves.} 7. Bd3 Bg7 8. Qe2+ Qe7 9. Qxe7+ Kxe7 10. 0-0 Re8 {[#]} 11. a4 $146 ({Predecessor:} 11. Re1+ Kf8 12. Rxe8+ Kxe8 13. Nbd2 Nc6 14. c3 Ne7 15. Ne4 Bf5 16. Nxf6+ Bxf6 17. Bxf5 Nxf5 {1/2-1/2
(23) Pap,M (2473)-Meijers,V (2458) Bayerisch Eisenstein 2018} )Nc6 12. c3 Bg4 13. Nbd2 Bh6 14. a5 a6 15. h3 Bxf3 (15... Be6 {looks sharper.} 16. Nc4 Bxc1 17. Rfxc1 Kf8 18. Ne3 Kg7 )16. Nxf3 Bxc1 17. Rfxc1 Kf8 18. Nd2 Nd5 19. g3 f5 20. Bc4 Nf6 21. b4 d5 22. Bd3 Nb8 23. Nb3 Nbd7 24. Nc5 Nxc5 25. bxc5 c6 26. Rab1 Re7 27. Rb2 Rc8 28. Rcb1 Rcc7 29. Kg2 Kg7 30. c4 dxc4 {The position is
equal.} 31. Bxc4 Rcd7 32. Be2 Ne4 {Strongly threatening ...Nc3.} 33. Bf3 Nc3 34. Rc1 Nb5 35. d5 {} cxd5 36. c6 bxc6 37. Rxc6 Nd4 38. Rxa6 Nxf3 39. Kxf3 $11 { Endgame KRR-KRR} d4 40. Rab6 d3 {[#] ...d2 is the
strong threat.} 41. Rd2 Re5 42. a6 Ra5 43. Rb7 (43. g4 {is interesting.} fxg4+ 44. hxg4 g5 45. Kg3 Ra3 46. f4 )Rxb7 44. axb7 {KR-KR} Rb5 45. Rxd3 {
[#] aiming for Rd7+.} Rxb7 46. h4 h5 47. Re3 Rb4 48. Rd3 Rc4 49. Re3 Rb4 50. Rd3 Rc4 51. Re3 Rb4 52. Rd3 {Not much happened in this game.  Weighted Error
Value: White=0.04/Black=0.03} 1/2-1/2

[Event "GCT Croatia Rapid 2021"]
[White "Nepomniachtchi,Ian"]
[Black "Saric,Ivan"]
[Site "Zagreb"]
[Round "6.3"]
[Annotator "TA"]
[Result "0-1"]
[Date "2021.07.08"]
[WhiteElo "2792"]
[BlackElo "2653"]
[PlyCount "126"]

1. e4 {} c5 2. Nf3 e6 3. d4 cxd4 4. Nxd4 Nf6 5. Nc3 Nc6 6. Ndb5 d6 7. Bf4 e5 8. Bg5 a6 9. Na3 b5 10. Nd5 Be7 11. Bxf6 Bxf6 12. c3 Bg5 13. Nc2 Ne7 14. Ncb4 {14.a4 is a critical line.} 0-0 {
B33: Sicilian: Pelikan and Sveshnikov Variations.} 15. g3 (15. h4 $11 Nxd5 16. Nxd5 )Be6 (15... a5 $5 {} 16. Nxe7+ Qxe7 $11 )16. h4 Bh6 {
The position is equal.} 17. Bg2 a5 18. Nxe7+ Qxe7 19. Nd5 Qb7 20. g4 {And now
g5 would win.} Bxd5 21. Qxd5 Qxd5 22. exd5 {aiming for g5.} Bf4 {[#]} 23. Ke2 $146 ({Predecessor:} 23. Be4 Rfc8 24. Rh3 Rab8 25. b3 Rc7 26. Bd3 g6 27. c4 e4 28. Be2 bxc4 29. Bxc4 f5 30. gxf5 gxf5 {1/2-1/2 (54) Foltyn,L (1986)-Klima,L 
(2405) Karvina 2007} )Rab8 24. a3 g6 25. h5 Kg7 26. Rh3 Rfc8 27. Kd3 Kf6 28. hxg6 hxg6 29. Rh7 Rc7 {Black converts the advantage convincingly.} 30. Be4 {[#]} Kg5 $1 31. Ke2 b4 32. cxb4 (32. Rb1 $17 )axb4 $19 33. a4 (33. Rb1 $142 )b3 34. Kf3 Rb4 {Hoping for ...Rxe4!} 35. a5 $2 {[#]} (35. Rhh1 {
was the crucial defense.} )Rxe4 $1 {} 36. a6 Rd4 37. a7 e4+ 38. Kg2 {[#]} Rxa7 {} 39. Rxa7 { Endgame KRR-KRB} Rd2 {
Strongly threatening ...e3.} 40. Kf1 (40. Rh3 $142 e3 41. Rf3 )Rxb2 41. Rb7 Kxg4 42. Rh8 {and the idea Rhb8 leaves White hopeful.} Be5 43. Rhb8 Rb1+ 44. Kg2 b2 45. Rxf7 Rd1 46. Rfb7 Rxd5 47. Rb4 Kf5 48. Rf8+ Ke6 49. Re8+ Kd7 50. Reb8 (50. Rxe5 $142 Rxe5 51. Kf1 )Rd1 51. R4b7+ Ke6 52. Rxb2 Bxb2 53. Rxb2 {KR-KR} d5 (53... Ke5 $142 54. Rb8 d5 55. Re8+ Kd4 )54. Rb8 d4 55. Rg8 Kf5 56. Rf8+ Kg5 (56... Ke5 $142 57. Re8+ Kf4 )57. Re8 Kf4 58. Rf8+ Ke5 59. Re8+ Kd5 60. Rg8 d3 61. Rxg6 d2 {Black mates.} 62. Rg8 Kc4 63. Rd8 Kc3 {Weighted
Error Value: White=0.79/Black=0.23} 0-1

[Event "GCT Croatia Rapid 2021"]
[White "Mamedyarov,Shakhriyar"]
[Black "Duda,Jan-Krzysztof"]
[Site "Zagreb"]
[Round "6.4"]
[Annotator "TA"]
[Result "0-1"]
[Date "2021.07.08"]
[WhiteElo "2782"]
[BlackElo "2738"]
[PlyCount "80"]

1. d4 {} Nf6 2. c4 e6 3. Nc3 d5 4. cxd5 exd5 5. Bg5 c6 6. Qc2 h6 7. Bh4 Be7 8. e3 0-0 9. Bd3 Re8 10. Nge2 Nh5 {D36: Queen's Gambit Declined: Exchange Variation: Main line (5 Bg5
c6 6 Qc2).} 11. Bxe7 Qxe7 12. h3 {was the old line (12.0-0).} Nf6 {The
position is equal.} 13. 0-0-0 {[#]} (13. a3 $1 $11 )a5 $146 ({
Predecessor:} 13... c5 14. g4 c4 15. Bf5 g6 16. Bxc8 Rxc8 17. Nf4 Rd8 18. Rdg1 g5 19. Nh5 Nxh5 20. gxh5 {1-0 (34) Dahdal,L (2002)-Gameel,A (1752) Abu Dhabi
2013} )14. g4 b5 $1 15. Ng3 Na6 16. Bf5 g6 {Strongly threatening ...Nb4.} 17. Bxc8 $1 Raxc8 18. Kb1 a4 (18... b4 $15 19. Nce2 c5 )19. h4 (19. g5 $11 hxg5 20. h4 )Nxg4 20. h5 g5 21. e4 dxe4 22. Ncxe4 Nb4 23. Qd2 (23. Qc5 $17 )Nd5 (23... f5 $1 $19 { has better winning chances.} 24. Nc5 Nd5 )24. Rhe1 Qd7 25. a3 f5 26. Nc5 Qh7 27. Ka1 Ngf6 $36 { Black is on
the roll.} 28. Qd3 {[#]} (28. f3 $17 )f4 $1 $19 29. Nf5 Ng4 ({Weaker is} 29... Nxh5 30. Qh3 $14 )30. Nd6 Qxd3 ({Don't play} 30... Nxf2 31. Nxc8 Ne3 32. Qxh7+ Kxh7 33. Rd2 $15 )31. Nxd3 Rxe1 32. Rxe1 {[#]} Rf8 33. Re6 $2 (33. Kb1 {
was called for.} )Rf6 (33... f3 $142 {...Nf4 is the strong threat.} 34. Re1 Nf4 )34. Re8+ Rf8 $2 (34... Kg7 35. Ne4 Rf8 )35. Re6 f3 36. Ne5 Nxe5 (36... Nxf2 $142 37. Kb1 Kh7 )37. dxe5 Nf4 38. Re7 (38. Rxh6 Kg7 39. Rf6 {
Decoy} Rxf6 40. Ne8+ Kh6 41. exf6 )g4 {Threatens to win with ...g3.Black
is clearly winning.} 39. Ne4 Nxh5 40. Rd7 g3 {Weighted Error Value: White=0.44/
Black=0.30} 0-1

[Event "GCT Croatia Rapid 2021"]
[White "Grischuk,Alexander"]
[Black "Korobov,Anton"]
[Site "Zagreb"]
[Round "7.1"]
[Annotator "TA"]
[Result "1/2-1/2"]
[Date "2021.07.09"]
[WhiteElo "2778"]
[BlackElo "2683"]
[PlyCount "48"]

1. d4 {} d5 2. c4 c6 3. Nf3 Nf6 4. Nc3 e6 5. e3 Nbd7 6. Bd3 dxc4 7. Bxc4 b5 8. Bd3 Bb7 9. 0-0 a6 10. e4 c5 11. e5 Nd5 12. Ng5 {The position is equal.} Be7 {[#]
Threatens to win with ...Nxc3. D48: Semi-Slav: Meran System: 7...b5 8 Bd3 a6.} 13. Qh5 {} g6 14. Qh6 Nxc3 15. bxc3 cxd4 {[#]} 16. Nxe6 $146 ({Predecessor:} 16. Qg7 Rf8 17. Nxh7 Qc7 18. Nxf8 Bxf8 19. Qh8 Qxc3 20. Bh6 Qxd3 21. Bxf8 Nxf8 22. Qh3 Qxh3 23. gxh3 {0-1 (31) Pihlajamaeki,J (1574)
-Koistinen,K (2258) ICCF email 2018} )fxe6 17. Bxg6+ $1 $40 {
White is up to no good.} hxg6 18. Qxg6+ { [#] Double Attack} Kf8 19. Bh6+ Rxh6 20. Qxh6+ Kf7 21. Qh7+ Kf8 {...Nb6 is the strong threat.} 22. Qh6+ Kf7 {Hoping for ...Qg8!} 23. Qh7+ Kf8 {aiming for ...Nb6.} 24. Qh6+ Kf7 {
A rather calm draw.  Weighted Error Value: White=0.00/Black=0.00} 1/2-1/2

[Event "GCT Croatia Rapid 2021"]
[White "Duda,Jan-Krzysztof"]
[Black "Anand,Viswanathan"]
[Site "Zagreb"]
[Round "7.2"]
[Annotator "TA"]
[Result "1/2-1/2"]
[Date "2021.07.09"]
[WhiteElo "2738"]
[BlackElo "2753"]
[PlyCount "150"]

1. e4 {} e5 2. Nf3 Nc6 3. Bb5 Nf6 4. d3 Bc5 5. c3 0-0 6. 0-0 {C65: Ruy Lopez: Berlin Defence (3...Nf6), unusual lines and 4 0-0
Bc5.} d5 7. exd5 Qxd5 8. Bc4 Qd8 9. b4 Be7 10. Nbd2 Bf5 11. Qc2 a6 12. a4 Qd7 {
[#]} 13. Ba3 $146 ({Predecessor:} 13. Bb2 Bd6 14. Ne4 Nxe4 15. dxe4 Be6 16. Be2 f6 17. a5 Rfd8 18. Bc1 Qf7 19. Be3 {1/2-1/2 (48) Anand,V (2782)-Adams,M (2715)
London 2017} )Bd6 14. Rfe1 b5 $1 {} 15. Bb3 Rab8 ({Black
should play} 15... Rad8 $11 )16. h3 h6 17. Re3 Rfe8 18. Ne4 Nxe4 19. dxe4 Be6 20. Rd3 Bxb3 21. Qxb3 Qe6 22. Qxe6 Rxe6 23. Bc1 Ree8 24. axb5 axb5 25. Ra6 Ne7 26. Rd2 f5 27. Rda2 fxe4 28. Nd2 e3 29. fxe3 Nd5 30. Ne4 Bxb4 $1 31. cxb4 Nxb4 { Double Attack} 32. Bd2 Nxa6 33. Rxa6 b4 34. Ra1 Rec8 35. Kf2 c5 $1 36. Rb1 Rc6 37. Ke2 Kf7 38. Rc1 c4 39. Rxc4 { Decoy} Rxc4 40. Nd6+ Ke6 41. Nxc4 Kd5 42. Nb2 e4 { Black has strong compensation.} 43. Kd1 b3 44. Bc3 g5 45. Ke2 Ra8 46. Kd2 h5 47. g4 $2 (47. Nd1 $17 )h4 $1 $19 48. Nd1 Rf8 49. Ke2 Rf3 50. Nf2 {[#]} (50. Bh8 )Rg3 (50... Rxf2+ $142 $1 {
} 51. Kxf2 Kc4 )51. Bf6 Rg1 $1 {} 52. Nd1 {intending
Nc3+.} Rh1 (52... Rg2+ $2 53. Kf1 $19 )(52... Kc4 $142 53. Nb2+ Kb4 )53. Nc3+ Ke6 54. Nxe4 Rxh3 55. Bd4 $2 {[#]} ({Wrong is} 55. Nxg5+ $2 Kxf6 56. Nxh3 b2 $19 )(55. Bg7 $17 {keeps fighting.} Rh2+ 56. Kf3 )Rh2+ $2 (55... Kd5 $1 $19 {} 56. Nxg5 Rg3 )56. Kf3 $15 b2 57. Nxg5+ Kd5 (57... Ke7 {
seems wilder.} 58. Bxb2 Rxb2 59. Nh3 Rh2 60. Nf4 Kf6 )58. Bxb2 Rxb2 { Endgame KR-KN} 59. Kf4 Rg2 (59... Rb4+ {looks sharper.} 60. e4+ Kd6 61. Nf3 h3 62. Kg3 Rb3 )60. e4+ Kd6 {And now ...Ke7 would win.} 61. Kf5 $2 {
} (61. Nh3 $15 )Ke7 (61... Rf2+ $142 62. Kg6 Rf8 63. Nh3 Rf3 64. Ng5 Rg3 65. Kf6 h3 66. e5+ Kd7 67. Kf7 h2 68. e6+ Kc8 69. e7 Re3 70. e8=Q+ Rxe8 71. Kxe8 h1=Q 72. Kf7 Kd7 73. Kg6 Ke7 74. Kf5 Qd5+ 75. Kf4 Qd6+ 76. Kf3 Qf6+ { Double Attack} 77. Kg3 Qxg5 78. Kf3 Qe5 79. g5 Kf7 80. Kg4 Kg6 81. Kh4 Qf4+ 82. Kh3 Kxg5 83. Kg2 Kg4 84. Kh1 Kg3 85. Kg1 Qc1# )62. e5 Ra2 63. Kf4 {[#]} Ra4+ $1 64. Kf3 Ra3+ $2 (64... Rc4 $19 {is more deadly. aiming for ..
.Rd4.} 65. Nh7 Rc3+ 66. Kg2 Re3 )65. Kf4 $17 h3 (65... Rc3 $17 {Threatens to
win with ...Rc4+.} 66. Nf3 Rc4+ 67. Kg5 h3 )66. Nf3 $15 Ke6 67. Ng5+ Ke7 {
( -> ...h2)} (67... Kd5 {is more complex.} 68. Nf3 Rc3 69. Nh2 Rb3 70. Nf3 Ra3 )68. Nf3 Kf7 69. g5 Ke7 70. g6 Ra2 71. Kg3 Rg2+ 72. Kxh3 Rxg6 73. Nd4 Re6 74. Nxe6 Kxe6 75. Kg4 Kxe5 {And White is the lucky defender.  Weighted Error Value:
White=0.33/Black=0.25} 1/2-1/2

[Event "GCT Croatia Rapid 2021"]
[White "Saric,Ivan"]
[Black "Mamedyarov,Shakhriyar"]
[Site "Zagreb"]
[Round "7.3"]
[Annotator "TA"]
[Result "1/2-1/2"]
[Date "2021.07.09"]
[WhiteElo "2653"]
[BlackElo "2782"]
[PlyCount "46"]

1. e4 {} e5 2. Nf3 Nc6 3. Bb5 a6 4. Ba4 Nf6 5. 0-0 Nxe4 6. d4 b5 7. Bb3 d5 8. dxe5 Be6 9. Nbd2 Nc5 10. c3 d4 11. Bxe6 Nxe6 12. cxd4 Ncxd4 13. a4 Rb8 {13...Bb4 is a critical
line.} 14. axb5 {C80: Open Ruy Lopez: Sidelines and 9 Nbd2.} axb5 15. Nb3 Nxb3 {The position is equal.} 16. Qxb3 Be7 17. Be3 0-0 {[#]} 18. Qc2 $146 ({
Predecessor:} 18. Rfd1 Qc8 19. Qc2 c5 20. Ra7 Rb7 21. Rda1 Rd8 22. R7a6 Rbd7 23. Rb6 Rd5 24. h3 {1/2-1/2 (24) Kevicky,M (2404)-Van Wieringen,C (2304) ICCF
email 2007} )c5 19. Ra7 Ra8 20. Rb7 Rb8 21. Ra7 Ra8 22. Rb7 Rb8 23. Ra7 Ra8 {Weighted Error Value: White=0.06/Black=0.03} 1/2-1/2

[Event "GCT Croatia Rapid 2021"]
[White "Van Foreest,Jorden"]
[Black "Vachier-Lagrave,Maxime"]
[Site "Zagreb"]
[Round "7.5"]
[Annotator "TA"]
[Result "1/2-1/2"]
[Date "2021.07.09"]
[WhiteElo "2688"]
[BlackElo "2749"]
[PlyCount "140"]

1. e4 {} c5 2. Nf3 d6 3. d4 cxd4 4. Nxd4 Nf6 5. Nc3 a6 6. Nb3 g6 {
B90: Sicilian Najdorf: Unusual White 6th moves, 6 Be3 Ng4 and 6 Be3 e5.} 7. f3 $5 { Exploring less charted territory.} Bg7 8. Be3 Nbd7 {The position
is equal.} 9. Qd2 h5 {[#]} 10. h3 $146 ({Predecessor:} 10. Be2 b5 11. a4 b4 12. Na2 a5 13. c3 bxc3 14. Nxc3 0-0 15. 0-0 Ne5 16. Nb5 {1-0 (53) Alekseenko,K 
(2638)-Paravyan,D (2634) Khanty-Mansiysk 2018} )b5 (10... Qc7 $11 {
remains equal.} )11. a4 $1 $16 {} b4 12. Na2 a5 13. c3 bxc3 14. Nxc3 0-0 15. Bb5 Bb7 16. 0-0 Qb8 17. Rac1 Rd8 (17... Ne5 $142 )18. Rfd1 (18. Ne2 $142 )Rc8 19. Ne2 Rxc1 20. Rxc1 (20. Nbxc1 Ne5 $14 )Qd8 21. Ned4 $1 Ne5 22. Qe1 d5 (22... Ba6 $16 {keeps fighting.} )23. Nc5 $18 Rb8 {
} 24. Bf4 (24. Nxb7 $18 Rxb7 25. f4 )Nfd7 {next ...Nxc5 is
good for Black.} 25. Nxb7 Rxb7 26. exd5 (26. Rd1 $16 )Nd3 $1 $11 {
 Double Attack} 27. Nc6 Qb6+ 28. Be3 {[#]} Qxb5 29. Nxe7+ (29. axb5 {
with more complications.} Nxe1 30. Rxe1 Rxb5 31. Nxe7+ Kh7 32. Ra1 )Kh7 ({Inferior is} 29... Kf8 30. Rc8+ Kxe7 31. Bg5+ (31. axb5 $2 {loses.} Nxe1 32. d6+ Ke6 $19 )Kd6 32. Be7+ (32. axb5 $2 Nxe1 33. Bd2 Nd3 $19 )Kxd5 33. Qe4# (33. axb5 $2 Nxe1 34. b3 Rxb5 $19 ))30. axb5 Nxe1 31. Rxe1 Rxb5 32. Bc1 a4 33. Re4 (33. d6 $11 )a3 $1 $17 34. bxa3 Rb1 35. Re1 (35. Rc4 $2 Bb2 )Bc3 36. Rf1 Bd4+ 37. Kh2 Bc5 $1 {} 38. Nc6 {[#]} Bxa3 {
} 39. Bxa3 Rxf1 $19 { Endgame KRN-KBN} 40. Be7 Rd1 41. d6 Kg7 42. g4 hxg4 43. hxg4 Nb6 ({Black should play} 43... f6 $17 44. Kg3 Nb6 )44. g5 $1 $15 {[#]} Nc8 (44... Kg8 $1 $17 {aiming for ...Nc4.} 45. Na7 Rd3 )45. Nd4 $1 $11 Nxe7 46. dxe7 {KR-KN} Re1 47. Nc6 f6 48. f4 {Ne5! is the strong threat.} f5 {And now ...Kf7 would win.} 49. Kg3 (49. Ne5 {[#]} Rxe5 $1 50. fxe5 Kf7 51. Kh3 Kxe7 52. Kh4 Ke6 53. Kh3 Kxe5 54. Kg3 f4+ 55. Kg2 Kf5 56. Kf2 Kxg5 57. Kf3 Kf5 58. Kf2 Ke4 59. Ke2 f3+ 60. Kf2 Kf4 61. Kf1 g5 62. Kf2 g4 63. Kf1 g3 64. Ke1 Ke3 65. Kf1 g2+ 66. Kg1 Ke2 67. Kh2 Kf2 68. Kh3 g1=Q 69. Kh4 Qg6 70. Kh3 Qh5# )Kf7 50. Kf2 Re4 51. Ne5+ Kxe7 {Hoping for ...Rxe5!} 52. Nxg6+ Kf7 53. Ne5+ Ke6 54. Kf3 Ra4 55. g6 ({White should try} 55. Ng6 $15 )Ra3+ 56. Kf2 Kf6 57. Kg2 Kg7 58. Kf2 Kh6 59. Ke2 Ra4 60. Kf3 Rd4 61. Ke3 Rd5 62. Nc6 Rd7 63. Ne5 Rd1 {White must now prevent ...Rf1.} 64. Ke2 Rd5 (64... Rb1 {looks
sharper.} 65. Kf2 Kg7 66. Ke2 Kf6 67. Kf2 Rc1 )65. Kf3 Rb5 66. Ke3 Rb4 67. Kf3 Rb3+ 68. Kf2 Rb4 69. Kf3 $1 Rb3+ 70. Kf2 $1 Rb4 {What a bad dream for Black. 
Weighted Error Value: White=0.17/Black=0.13} (70... Rb1 $17 71. Kf3 Rf1+ 72. Kg3 Kg7 )1/2-1/2

[Event "GCT Croatia Rapid 2021"]
[White "Korobov,Anton"]
[Black "Vachier-Lagrave,Maxime"]
[Site "Zagreb"]
[Round "8.1"]
[Annotator "TA"]
[Result "1/2-1/2"]
[Date "2021.07.09"]
[WhiteElo "2683"]
[BlackElo "2749"]
[PlyCount "115"]

1. e4 {} c5 2. Nf3 d6 3. d4 cxd4 4. Nxd4 Nf6 5. Nc3 a6 6. Be2 e5 7. Nb3 Be6 8. 0-0 Be7 9. Re1 {B92: Sicilian Najdorf: 6 Be2.
} 0-0 10. Be3 Nbd7 11. a4 {} Qb8 {[#]} 12. a5 $146 ({Predecessor:} 12. Nc1 Rc8 13. N1a2 Bd8 14. Bf3 Ba5 15. Bd2 Qc7 16. Rc1 Qc6 17. b3 b5 18. Nd5 Bxd5 19. Bxa5 {1/2-1/2 (45) Souhardo,B (2382)-Shahil,D (2434)
Budapest 2021} )Rc8 13. Nd5 Bd8 14. Bd3 b5 15. axb6 Bxd5 16. exd5 Bxb6 17. Rxa6 Rxa6 18. Bxa6 Rc7 19. c4 Bxe3 20. Rxe3 Nb6 21. Qf1 ({Better is} 21. Nd2 $16 )Ra7 22. Bb5 Ra2 23. Qb1 Ra7 24. Qf1 Ra2 $1 25. h3 h6 (25... Rxb2 $11 26. Rg3 Ne4 )26. Qb1 Ra7 {White should prevent ...Nbxd5.} 27. Qd3 g6 28. Nd2 Kg7 29. Ne4 Nxe4 30. Rxe4 (30. Qxe4 {seems wilder.} Nc8 31. Ra3 Ne7 32. Qd3 Nf5 33. b4 )Nd7 31. Bxd7 Rxd7 $16 { Endgame KQR-KQR} 32. b3 Rb7 33. Re3 Qa7 34. Kh2 Qa1 35. Qc3 (35. Qd2 $16 )Qxc3 $11 36. Rxc3 {
KR-KR} f5 37. g4 Kf6 {The position is equal.} 38. Kg3 h5 39. f4 exf4+ 40. Kxf4 g5+ 41. Kf3 fxg4+ 42. hxg4 h4 43. Ke4 Re7+ 44. Kd4 Re1 45. c5 Rd1+ 46. Kc4 dxc5 {[#] aiming for ...Ke5.} 47. Re3 Rd4+ 48. Kxc5 Rxg4 49. d6 {White wants to
mate with d7.} Rg1 {Hoping for ...Rc1+.} 50. Rd3 {[#] d7 would kill now.} Rg3 $1 {} 51. Rxg3 hxg3 {KPP-KPP} 52. Kc6 $1 {Threatening mate with d7.
} g2 53. d7 g1=Q {( -> ...Qd4)} (53... Ke7 $5 54. Kc7 $8 Kf7 $11 )54. d8=Q+ Kf5 55. Qd5+ Kf6 56. Qd8+ Kf5 57. Qd5+ Kf6 58. Qd8+ {Weighted Error Value: White=0.
12/Black=0.09} 1/2-1/2

[Event "GCT Croatia Rapid 2021"]
[White "Nepomniachtchi,Ian"]
[Black "Van Foreest,Jorden"]
[Site "Zagreb"]
[Round "8.2"]
[Annotator "TA"]
[Result "1/2-1/2"]
[Date "2021.07.09"]
[WhiteElo "2792"]
[BlackElo "2688"]
[PlyCount "50"]

1. c4 {} c6 2. d4 d5 3. cxd5 cxd5 4. Bf4 Nc6 5. e3 Nf6 6. Nc3 Bg4 7. f3 Bd7 {D10: Slav Defence: 3 cxd5 (without early Nf3) and 3 Nc3.} 8. Bd3 e6 9. Bg5 Be7 10. f4 {[#]} 0-0 $146 ({Predecessor:} 10... h6 11. Bxf6 Bxf6 12. Nf3 g5 13. g3 gxf4 14. gxf4 Rg8 15. Qe2 Be7 16. Rc1 Qa5 {1/2-1/2 (16) Vera
Gonzalez Quevedo,R (2525)-Graf,A (2580) Luzern 1993} )11. Nf3 Ne8 12. a3 Rc8 (12... f6 $5 13. Bh4 $8 Nd6 $11 )13. Rc1 f6 14. Bh4 Nd6 15. Qc2 g6 16. 0-0 {
The position is equal.} b5 17. Bxg6 ({Wrong is} 17. Nxb5 $2 {[#]} Nb4 $1 $19 {
} )hxg6 18. Qxg6+ Kh8 19. Qh6+ Kg8 {[#] White must now prevent
...Rf7.} 20. Qg6+ Kh8 {Threatens to win with ...Qe8.} 21. Ng5 fxg5 22. Qh6+ Kg8 23. Qg6+ Kh8 24. Qh6+ Kg8 25. Qg6+ Kh8 {An uneventful encounter.  Weighted
Error Value: White=0.05/Black=0.04} 1/2-1/2

[Event "GCT Croatia Rapid 2021"]
[White "Mamedyarov,Shakhriyar"]
[Black "Giri,Anish"]
[Site "Zagreb"]
[Round "8.3"]
[Annotator "TA"]
[Result "1/2-1/2"]
[Date "2021.07.09"]
[WhiteElo "2782"]
[BlackElo "2776"]
[PlyCount "65"]

1. d4 {} Nf6 2. c4 g6 3. Nc3 d5 4. cxd5 Nxd5 5. e4 Nxc3 6. bxc3 Bg7 7. Nf3 c5 8. Be3 (8. Rb1 0-0 9. Be2 cxd4 10. cxd4 Qa5+ 11. Bd2 Qxa2 12. 0-0 Bg4 13. Rxb7 Bxf3 14. Bxf3 Bxd4 15. e5 Na6 16. Rxe7 Rad8 17. e6 fxe6 18. Qe1 Nc5 19. Bc3 Nd3 20. Bxd4 Nxe1 21. Rg7+ Kh8 22. Rd7+ Kg8 23. Rg7+ Kh8 24. Rd7+ Kg8 25. Rg7+ {1/2-1/2 (25) Mamedyarov,S 
(2770)-Giri,A (2780) Bucharest 2021} )Qa5 9. Nd2 {The position is equal.
D85: Exchange Grünfeld: Unusual White 7th moves and lines with 7 Nf3.} 0-0 {
9...Nd7 is a critical line.} 10. Be2 Bd7 11. 0-0 {[#]} Ba4 $146 ({Predecessor:
} 11... b6 12. dxc5 Bxc3 13. Rc1 Bg7 14. cxb6 axb6 15. Nc4 Qxa2 16. Nxb6 Ba4 17. Qe1 Ra7 {0-1 (30) Aghasiyev,K (2554)-Yeletsky,I (2704) Chess.com INT 2019} )12. Nb3 Qxc3 13. Rc1 Qb2 14. Rc2 ({Reject} 14. Rxc5 Qxa2 15. Rc3 b5 $17 )Bxb3 15. axb3 Qxb3 {[#] aiming for ...cxd4.} 16. Rxc5 Qxd1 17. Rxd1 a5 {
} 18. Rc7 a4 19. Rxe7 a3 20. Rxb7 Nc6 {
[#] Threatens to win with ...a2.} 21. e5 a2 22. Ra1 {Black must now prevent f4.
} Nxe5 23. Rb2 ({Don't go for} 23. dxe5 $2 Bxe5 24. Rbb1 axb1=N $19 )Nc6 24. Rbxa2 Nxd4 25. Bxd4 (25. Rxa8 {feels hotter.} Nxe2+ 26. Kf1 Bxa1 27. Rxa1 Nc3 28. f3 )Rxa2 26. Rxa2 {Strongly threatening Be3.} Bxd4 $11 { Endgame KRB-KRB} 27. Bf3 Rc8 {( -> ...Rc1+)} 28. Ra8 Rxa8 29. Bxa8 Bc5 30. Bb7 Bd4 31. Ba8 Bc5 32. Bb7 Bd4 33. Ba8 {An uneventful encounter. 
Weighted Error Value: White=0.01/Black=0.01} 1/2-1/2